000 01299nam a22002777a 4500
001 0000003871
003 PPM
005 20260420113808.0
008 260420b ||||| |||| 00| 0 eng d
020 _a9833109136
_cRM 18.00
_qPaperback
035 _a0000003871
040 _bEng
_cPusat Penyelidikan Mineral, Jabatan Mineral Dan Geosains Malaysia
_dPPM
_eRDA
082 0 0 _222
_a351.595
_bSTR 2005
111 2 _aNational Civil Service Conference (9th : 2004)
245 1 0 _aStrengthening Public Service Delivery : Forging Ahead Together /
_cedited by Malek Shah Hj. Mohd. Yusoff, Jamaluddin b. Hj Ahmad Damanhuri ; jointly organised by National Institute of Public Administration (INTAN) Public Service Department Malaysia, Administrative and Diplomatic Service Association (PPTD) Malaysia
260 1 _aKuala Lumpur :
_bInstitut Tadbiran Awam Negara,
_c2005
300 0 0 _axxii, 156 pages .:
_billustrations .;
_c22 cm
650 1 0 _aCivil service
_xCongresses
650 2 0 _aAdministrative agencies
_xCongresses
650 2 0 _aPublic administration
_xCongresses
700 1 _aMalek Shah Hj. Mohd Yusoff
_eeditor
700 1 _aJamaluddin b. Hj Ahmad Damanhuri
_eeditor
710 2 _aInstitut Tadbiran Awam Negara
710 2 _aPersatuan Perkhidmatan Tadbir dan Diplomatik
942 _2ddc
_cBK
999 _c27204
_d27204